000 00807nam a2200229 a 4500
001 64825
003 BD-RjUL
005 20211209081344.0
008 170223s2005 xxu||||| |||| 00| 0 eng d
020 _a9848088873
035 _a(BD-RjUL)64955
040 _aBD-RjUL
_bben
_cBD-RjUL
_dBD-RjUL
041 _aben
082 _223
_a954.92305
_bMUB 2005
100 1 _a মুস্তাফা, গোলাম
_9192205
245 0 1 _aবঙ্গবঙ্গ ও তৎকাল /
_cগোলাম মুস্তাফা
260 _aঢাকা :
_bসন্দেশ,
_c২০০৫.
300 _a৮৮ পৃ. ;
_c২২ সেমি.
651 _aবাংলাদেশ (চট্টগ্রাম)
_y১৯৭১-
_9192206
651 _aBangladesh (Chittagong)
_y1971-
_9192207
942 _2ddc
_cBK
999 _c64825
_d64825